000
00283nam a2200109Ia 4500
008
220204s9999 xx 000 0 und d
082
_a
338.45.01
_b
KOC
100
_a
KOCH, J V
245
0
_a
Industrial organization and prices
260
_a
New Jersey
_b
Prentice Hall
_c
1974
942
_c
BK
999
_c
31978
_d
31978